50 Biggest Cities along the Rhine River with a Blank Map - Statistics

General Stats
  • This quiz has been taken 1,137 times
  • The average score is 13 of 50
Answers on the Map
Answers color-coded by a green-red scale on the quiz's map according to % correct below.
 
Answer Stats
Answer Population % Correct
Cologne 1 083 498
96%
Rotterdam 829 875
94%
Düsseldorf 620 523
86%
Basel 173 775
82%
Strasbourg 284 677
81%
Bonn 330 579
73%
Mannheim 309 721
65%
Mainz 217 123
59%
Duisburg 495 885
57%
Karlsruhe 308 436
49%
Koblenz 113 388
47%
Wiesbaden 278 609
40%
Konstanz 84 446
38%
Leverkusen 163 905
38%
Nijmegen 161 000
37%
Arnhem 110 245
33%
Ludwigshafen am Rhein 172 557
31%
Worms 83 459
29%
Krefeld 226 844
27%
Schaffhausen 36 945
24%
Dordrecht 221 235
23%
Neuss 153 109
23%
Speyer 50 741
20%
Kleve 52 359
15%
Kehl 36 947
14%
Wesel 60 329
13%
Friedrichshafen 61 221
12%
Neuwied 64 860
12%
Dormagen 64 500
9%
Feldkirch 34 538
9%
Dinslaken 67 338
8%
Rastatt 50 165
8%
Tiel 38 670
8%
Gorinchem 35 610
7%
Königswinter 41 122
7%
Nieuwegein 61 740
6%
Rheinfelden 32 919
6%
Frankenthal 48 750
5%
Ingelheim am Rhein 35 161
5%
Meerbusch 56 479
5%
Monheim am Rhein 41 279
5%
Wageningen 35 950
5%
Niederkassel 38 512
4%
Wesseling 36 731
4%
Bornheim 48 348
3%
Lampertheim 32 660
2%
Maassluis 32 930
2%
Radolfzell am Bodensee 31 530
2%
Ridderkerk 34 045
2%
Voerde 36 047
2%
No matching quizzes found
Score Distribution
Percent of People with Each Score
Percentile by Number Answered
Your Score History
You have not taken this quiz